00981nam a2200229 a 4500001001000000003000500010005001700015008004100032010001100073011001100084040000900095100003700104245017300141260004100314500006000355502010900415650004000524650003700564650005100601650002900652856007000681000115143CHAP20220329144518.0181025s2018 mx a sm |||||||spa d a111604 a112576 cCHAP1 aMartínez Higinio, Mayra Itzel.10aEvaluación de severidad de enfermedades en 14 genotipos de frijol (Phaseolus vulgaris L.) en el valle de México /h[En línea]cpor Mayra Itzel Martínez Higinio. aChapingo, Méx. :bEl autor,c2018. aPara ver el contenido del material haga clic en la liga aTesis (Ing. Agr. Esp. en Parasitología Agrícola) -- UACH. Departamento de Parasitología Agrícola14aFrijolxEnfermedades por bacterias.14aFrijolxEnfermedades por hongos.14aFrijolxVariedades resistentes a enfermedades.14aFrijolzMéxico (Edo.). aFinding aiduhttp://10.13.5.2/tesis/sist115143.pdfzTeclea aquí